000 00499nam a22001817a 4500
005 20240807095734.0
008 240807b |||||||| |||| 00| 0 eng d
020 _a9781119059882
082 _a620.284
_bDUE-A
100 _aDuell, Rayan
245 _aAutodesk Revit Architecture 2016 Essentials /
_cTobis Hathorn
260 _ausa;
_bsybex;
_c2015.
300 _axiv, 375 p. :
_bill;
_c24 cm.
500 _ainclude index.
650 _aGraphic design
700 _aTobis Hathorn
999 _c36321
_d36321